Statistics for All Current Boxing World Champions (December 2020)

Click here to take the quiz!

General Stats

  • This quiz has been taken 312 times
  • The average score is 14 of 71

Answer Stats

HintAnswer% Correct
HWTyson Fury
97%
HWAnthony Joshua
94%
S-MWCanelo Alvarez
71%
MWCanelo Alvarez
71%
LWGervonta Davis
55%
S-FWGervonta Davis
55%
WWTerence Crawford
55%
WWErrol Spence Jr.
53%
LWDevin Haney
49%
LWTeofimo Lopez
49%
MWJermall Charlo
42%
L-MWJermell Charlo
42%
MWGennady Golovkin
41%
S-MWCaleb Plant
40%
S-MWCallum Smith
40%
LHWDmitry Bivol
40%
S-MWBilly Joe Saunders
39%
WWManny Pacquiao
39%
BWNaoya Inoue
35%
LHWArtur Beterbiev
34%
L-WWJosh Taylor
34%
MWDemetrius Andrade
22%
L-WWJose Ramirez
20%
WWYordenis Ugas
20%
FWLeo Santa Cruz
16%
HWManuel Charr
16%
S-FLWJuan Francisco Estrada
15%
CWMairis Briedis
15%
FWJosh Warrington
14%
S-FLWRoman Gonzalez
13%
FLWJulio Cesar Martinez
10%
MWRyota Murata
10%
L-MWErislandy Lara
8%
S-FWJamel Herring
8%
S-FWMiguel Berchelt
8%
FWGary Russell Jr
7%
BWGuillermo Rigondeaux
5%
S-BWGuillermo Rigondeaux
5%
LHWJean Pascal
5%
BWJohn Riel Casimero
5%
S-FWJoseph Diaz Jr.
5%
CWArsen Goulamirian
4%
S-BWBrandon Figueroa
4%
L-FLWFelix Alvarado
4%
S-FLWKazuto Ioka
4%
S-BWLuis Nery
4%
L-WWMario Barrios
4%
S-FWRene Alvarado
4%
FWCan Xu
3%
FWEmanuel Navarrete
3%
L-FLWHiroto Kyoguchi
3%
S-FLWJoshua Franco
3%
BWNordine Oubaali
3%
S-BWAngelo Leo
2%
FLWArtem Dalakian
2%
L-FLWElwin Soto
2%
CWIlunga Makabu
2%
S-FLWJerwin Ancajas
2%
FLWJunto Nakatani
2%
L-FLWKenshiro Teraji
2%
S-BWMurodjon Akhmadaliev
2%
L-MWPatrick Teixeira
2%
M-FLWKnockout CP Freshmart
1%
FLWMoruti Mthalane
1%
M-FLWPedro Taduran
1%
BWVacant
1%
M-FLWWilfredo Mendez
1%
CWBeibut Shumenov
0%
L-FLWnR *RUZ]QCarlos Canizales
0%
M-FLWPetchmanee Kokietgym
0%
S-BWRyosuke Iwasa
0%

Score Distribution

Percentile by Number Answered

Percent of People with Each Score

Your Score History

You have not taken this quiz